Влияние начального давления гелия на экономичность одноконтурной атомной станции; Энергетика: состояние, проблемы, перспективы
| Parent link: | Энергетика: состояние, проблемы, перспективы.— 2024.— С. 67-73 |
|---|---|
| Yazar: | |
| Diğer Yazarlar: | |
| Özet: | Заглавие с экрана Проведены расчетные исследования с целью определения зависимости тепловой экономичности от начального давления гелия в замкнутой газотурбинной установке в составе одноконтурного энергоблока с быстрым гелийохлаждаемым реактором. При фиксированных значениях конечного давления и электрической мощности энергоблока в широком диапазоне варьировалось давление на входе в турбину. Выявлено значительное изменение ключевых параметров и показателей: КПД, полезной работы, степени регенерации и расхода гелия. Приведены графические зависимости показателей энергоблока от начального давления турбины Текстовый файл |
| Dil: | Rusça |
| Baskı/Yayın Bilgisi: |
2024
|
| Konular: | |
| Online Erişim: | https://elibrary.ru/item.asp?id=80028799 |
| Materyal Türü: | MixedMaterials Elektronik Kitap Bölümü |
| KOHA link: | https://koha.lib.tpu.ru/cgi-bin/koha/opac-detail.pl?biblionumber=683808 |
MARC
| LEADER | 00000naa0a2200000 4500 | ||
|---|---|---|---|
| 001 | 683808 | ||
| 005 | 20251218163823.0 | ||
| 090 | |a 683808 | ||
| 100 | |a 20251218d2024 k y0rusy50 ca | ||
| 101 | 0 | |a rus | |
| 102 | |a RU | ||
| 135 | |a drcn ---uucaa | ||
| 181 | 0 | |a i |b e | |
| 182 | 0 | |a b | |
| 183 | 0 | |a cr |2 RDAcarrier | |
| 200 | 1 | |a Влияние начального давления гелия на экономичность одноконтурной атомной станции |f А. М. Антонова, К. Д. Куликов | |
| 203 | |a Текст |c электронный |b визуальный | ||
| 283 | |a online_resource |2 RDAcarrier | ||
| 300 | |a Заглавие с экрана | ||
| 320 | |a Список использованных источников: 6 назв | ||
| 330 | |a Проведены расчетные исследования с целью определения зависимости тепловой экономичности от начального давления гелия в замкнутой газотурбинной установке в составе одноконтурного энергоблока с быстрым гелийохлаждаемым реактором. При фиксированных значениях конечного давления и электрической мощности энергоблока в широком диапазоне варьировалось давление на входе в турбину. Выявлено значительное изменение ключевых параметров и показателей: КПД, полезной работы, степени регенерации и расхода гелия. Приведены графические зависимости показателей энергоблока от начального давления турбины | ||
| 336 | |a Текстовый файл | ||
| 463 | 1 | |t Энергетика: состояние, проблемы, перспективы |o материалы XV Всероссийской научно-технической конференции, Оренбург, 15-17 октября 2024 |f Оренбургский государственный университет |c Оренбург |n ОГУ |v С. 67-73 |d 2024 | |
| 610 | 1 | |a газотурбинные установки | |
| 610 | 1 | |a гелийохлаждаемые реакторы | |
| 610 | 1 | |a регенерация | |
| 610 | 1 | |a рекуператоры | |
| 610 | 1 | |a параметры рабочего тела | |
| 610 | 1 | |a электронный ресурс | |
| 610 | 1 | |a труды учёных ТПУ | |
| 700 | 1 | |a Антонова |b А. М. |c специалист в области энергетики |c доцент Томского политехнического университета, кандидат технических наук |f 1952- |g Александра Михайловна |9 11875 | |
| 701 | 1 | |a Куликов |b К. Д. |g Кирилл Дмитриевич | |
| 801 | 0 | |a RU |b 63413507 |c 20251216 |g RCR | |
| 850 | |a 63413507 | ||
| 856 | 4 | |u https://elibrary.ru/item.asp?id=80028799 |z https://elibrary.ru/item.asp?id=80028799 | |
| 942 | |c CF | ||